000 00538nam a22002057a 4500
003 OSt
005 20140818193443.0
008 140818b xxu||||| |||| 00| 0 eng d
020 _a9780071437899
040 _cDNLM
082 _aW20.5 H274i 2006
_bG
100 _aGehlbach Stephen H.
_9919
245 _aInterpreting medical literature.
250 _a5th ed.
260 _aNew York:
_bMcGraw-Hill,
_c2006
300 _ax,293p:
_bIll:
_c25cm
504 _aRefferences, index included.
650 _2Medical literature
942 _2z
_cB_BANK
999 _c357
_d357